Zwycięzcy Austriackiej Bundesligi - Statystyki

Ogólne statystyki
  • Ten quiz został rozwiązany 22 razy
  • Średni wynik to 42 z 51
Statystyki odpowiedzi
Sezon Drużyna % Poprawnych
1975–76 Austria Wiedeń
100%
1977–78 Austria Wiedeń
100%
1978–79 Austria Wiedeń
100%
1979–80 Austria Wiedeń
100%
1980–81 Austria Wiedeń
100%
1983–84 Austria Wiedeń
100%
1984–85 Austria Wiedeń
100%
1985–86 Austria Wiedeń
100%
1990–91 Austria Wiedeń
100%
1991–92 Austria Wiedeń
100%
1992–93 Austria Wiedeń
100%
2002–03 Austria Wiedeń
100%
2005–06 Austria Wiedeń
100%
2012–13 Austria Wiedeń
100%
1981–82 Rapid Wiedeń
100%
1982–83 Rapid Wiedeń
100%
1986–87 Rapid Wiedeń
100%
1987–88 Rapid Wiedeń
100%
1995–96 Rapid Wiedeń
100%
2004–05 Rapid Wiedeń
100%
2007–08 Rapid Wiedeń
100%
2006–07 Red Bull Salzburg
95%
2008–09 Red Bull Salzburg
95%
2009–10 Red Bull Salzburg
95%
2011–12 Red Bull Salzburg
95%
2013–14 Red Bull Salzburg
95%
2014–15 Red Bull Salzburg
95%
2015–16 Red Bull Salzburg
95%
2016–17 Red Bull Salzburg
95%
2017–18 Red Bull Salzburg
95%
2018–19 Red Bull Salzburg
95%
2019–20 Red Bull Salzburg
95%
2020–21 Red Bull Salzburg
95%
2021–22 Red Bull Salzburg
95%
2022–23 Red Bull Salzburg
95%
1997–98 Sturm Graz
95%
1998–99 Sturm Graz
95%
2010–11 Sturm Graz
95%
2023–24 Sturm Graz
95%
2024–25 Sturm Graz
95%
1993–94 Austria Salzburg
41%
1994–95 Austria Salzburg
41%
1996–97 Austria Salzburg
41%
1999–00 Tirol Innsbruck
36%
2000–01 Tirol Innsbruck
36%
2001–02 Tirol Innsbruck
36%
1974–75 Wacker Innsbruck
27%
1976–77 Wacker Innsbruck
27%
2003–04 Grazer AK
18%
1988–89 Swarovski Tirol
9%
1989–90 Swarovski Tirol
9%
Nie znaleziono quizów pasujących do podanych kryteriów
Rozkład punktacji
Procent ludzi z każdym wynikiem
Percentyl według liczby udzielonych odpowiedzi
Twoja historia wyników
Nie rozwiązałeś tego quizu